| 000 | 00620nam a22002057a 4500 | ||
|---|---|---|---|
| 999 |
_c18949 _d18949 |
||
| 003 | AR-CdUCM | ||
| 008 | 190515b ||||| |||| 00| 0 spa d | ||
| 040 |
_aMUNICIPALIDAD PROVINCIAL DEL CUSCO _cBIBLIOTECA MUNICIPAL DEL CUSCO |
||
| 082 |
_a534 / _bA29 |
||
| 100 |
_aAgostini, A. _939886 |
||
| 245 | _aEl sonido, la luz y el calor / | ||
| 260 |
_aBuenos Aires : _bKapelusz, _c1970. |
||
| 300 |
_a90 paginas ; _bIlustraciones, _c23 cm. |
||
| 505 | _aContenido :Acústica --Lectura / | ||
| 650 |
_aSonido _96300 |
||
| 650 |
_aLuz _915838 |
||
| 650 |
_aMusica _91443 |
||
| 942 |
_2ddc _cLIBROS |
||
| 945 |
_arjall _d2019-05-15 |
||